El águila y el nopal (Record no. 198130)

MARC details
000 -LEADER
campo de control de longitud fija 02421cam a22005174 4500
001 - NÚMERO DE CONTROL
campo de control 198130
005 - FECHA Y HORA DE LA ÚLTIMA TRANSACCIÓN
campo de control 20260522161045.0
008 - DATOS DE LONGITUD FIJA--INFORMACIÓN GENERAL
campo de control de longitud fija 260219s2000 sp | o||| ||spa
016 7# - NÚMERO DE CONTROL DE UNA AGENCIA BIBLIOGRÁFICA NACIONAL
Número de control del registro bimoBNE20010457949
Fuente SpMaBN
017 ## - NÚMERO DE COPYRIGHT O DE DEPÓSITO LEGAL
Número de copyright o de depósito legal B 42790-2000
Agencia que asigna Oficina Depósito Legal Barcelona
020 ## - NÚMERO INTERNACIONAL ESTÁNDAR DEL LIBRO
Número Internacional Estándar del Libro 8477827214
035 ## - NÚMERO DE CONTROL DEL SISTEMA
Número de control de sistema (OCoLC)434346946
035 ## - NÚMERO DE CONTROL DEL SISTEMA
Número de control de sistema (SpMaBN)Mimo0001676228
040 ## - FUENTE DE CATALOGACIÓN
Centro catalogador/agencia de origen SpMaBN
Lengua de catalogación spa
Centro/agencia transcriptor SpMaBN
Normas de descripción rdc
080 ## - NÚMERO DE LA CLASIFICACIÓN DECIMAL UNIVERSAL
Número de la Clasificación Decimal Universal 929 Sessé y Lacasta, Martín de
080 ## - NÚMERO DE LA CLASIFICACIÓN DECIMAL UNIVERSAL
Número de la Clasificación Decimal Universal 929 Mociño, José Mariano
080 ## - NÚMERO DE LA CLASIFICACIÓN DECIMAL UNIVERSAL
Número de la Clasificación Decimal Universal 910.4(72)"17/18"
080 ## - NÚMERO DE LA CLASIFICACIÓN DECIMAL UNIVERSAL
Número de la Clasificación Decimal Universal 930.255(460.27 M.)
080 ## - NÚMERO DE LA CLASIFICACIÓN DECIMAL UNIVERSAL
Número de la Clasificación Decimal Universal 581.9(72)(0:74)
080 ## - NÚMERO DE LA CLASIFICACIÓN DECIMAL UNIVERSAL
Número de la Clasificación Decimal Universal 016:74.034(72)
245 03 - MENCIÓN DEL TÍTULO
Título El águila y el nopal
Resto del título la expedición de Sessé y Mociño a Nueva España (1787-1803) : catálogo de los fondos documentales del Real Jardín Botánico de Madrid
Mención de responsabilidad, etc. autores, Salvador Bernabéu Albert ... [et al.] ; coordinación y edición general de la obra, María Pilar de San Pío Aladrén, Miguel Ángel Puig-Samper
260 ## - PUBLICACIÓN, DISTRIBUCIÓN, ETC.
Lugar de publicación, distribución, etc. Madrid
Nombre del editor, distribuidor, etc. Lunwerg
Fecha de publicación, distribución, etc. 2000
300 ## - DESCRIPCIÓN FÍSICA
Extensión 229 p.
Otras características físicas il. col. y n.
Dimensiones 29 cm
336 ## - TIPO DE CONTENIDO
Fuente rdacontent
Término de tipo de contenido texto
337 ## - TIPO DE MEDIO
Fuente rdamedia
Nombre/término del tipo de medio sin mediación
338 ## - TIPO DE SOPORTE
Fuente rdacarrier
Nombre/término del tipo de soporte volumen
500 ## - NOTA GENERAL
Nota general Registro provisional. A-15998. Depósito 1
594 ## - Nota al título y mención de responsabilidad
Nota al título y mención de responsabilidad En la port.: Real Jardín Botánico, Consejo Superior de Investigaciones Científicas; Caja Madrid, Obra Social
600 17 - PUNTO DE ACCESO ADICIONAL DE MATERIA--NOMBRE DE PERSONA
Nombre de persona Sessé y Lacasta, Martín de
Fuente del encabezamiento o término embne
9 (RLIN) 242860
600 17 - PUNTO DE ACCESO ADICIONAL DE MATERIA--NOMBRE DE PERSONA
Nombre de persona Mociño, José Mariano
Fuente del encabezamiento o término embne
9 (RLIN) 242861
610 27 - PUNTO DE ACCESO ADICIONAL DE MATERIA--NOMBRE DE ENTIDAD CORPORATIVA
Nombre de entidad corporativa o nombre de jurisdicción como elemento de entrada Real Jardín Botánico
Unidad subordinada Archivo
Subdivisión de forma Catálogos
Fuente del encabezamiento o término embne
9 (RLIN) 242862
611 27 - PUNTO DE ACCESO ADICIONAL DE MATERIA--NOMBRE DE REUNIÓN/CONGRESO
Nombre de congreso/reunión o jurisdicción como elemento de entrada Real Expedición Botánica de Nueva España
Fecha del congreso o de la firma del tratado 1787-1803
Fuente del encabezamiento o término embne
9 (RLIN) 172622
700 1# - ENTRADA AGREGADA--NOMBRE PERSONAL
Nombre de persona Bernabéu Albert, Salvador
Fechas asociadas al nombre 1960-
9 (RLIN) 242863
700 1# - ENTRADA AGREGADA--NOMBRE PERSONAL
Nombre de persona San Pío Aladrén, María Pilar de
9 (RLIN) 242864
700 1# - ENTRADA AGREGADA--NOMBRE PERSONAL
Nombre de persona Puig-Samper, Miguel Ángel
9 (RLIN) 94278
710 2# - ENTRADA AGREGADA--NOMBRE DE ENTIDAD CORPORATIVA
Nombre de entidad corporativa o nombre de jurisdicción como elemento de entrada Real Jardín Botánico
9 (RLIN) 6359
852 ## - LOCALIZACIÓN
Ubicación ES-MaACL
Ubicación en estantería Depósito 1
Número de control de estantería A-15998
Donativo/Legado Donación: José Lázaro García
Encuadernación Encuadernación cartoné
Nota libre En proceso
942 ## - ELEMENTOS DE ENTRADA SECUNDARIOS (KOHA)
Fuente del sistema de clasificación o colocación Clasificación decimal universal
Tipo de ítem Koha Libro impreso
Suprimir en OPAC No
956 ## - LOCALIZACIÓN Y ACCESO ELECTRÓNICOS LOCAL (OCLC)
Nombre del host 1 2
980 ## - EQUIVALENCIA O REFERENCIA-CRUZADA-MENCIÓN DE SERIE--NOMBRE DE PERSONA/TÍTULO [LOCAL, CANADÁ]
Nombre de persona B 42790-2000
-- 84-7782-721-4
-- SpMaBN
Numeración BNMADRID
Calificador de atribución 9/211244
Títulos y otros términos asociados al nombre SG_RECOLET
980 ## - EQUIVALENCIA O REFERENCIA-CRUZADA-MENCIÓN DE SERIE--NOMBRE DE PERSONA/TÍTULO [LOCAL, CANADÁ]
Nombre de persona B 42790-2000
-- 84-7782-721-4
-- SpMaBN
Numeración BNALCALA
Calificador de atribución AHM/498825
Títulos y otros términos asociados al nombre SG_PETANTI
980 ## - EQUIVALENCIA O REFERENCIA-CRUZADA-MENCIÓN DE SERIE--NOMBRE DE PERSONA/TÍTULO [LOCAL, CANADÁ]
Nombre de persona B 42790-2000
-- 84-7782-721-4
-- SpMaBN
Numeración BNALCALA
Calificador de atribución DL/1051661
Títulos y otros términos asociados al nombre CONSERVACI

No items available.